00447nmm a2200133Ia 4500008004100000020001800041041000800059100002500067245007200092264006600164300001800230650001400248856005100262251105s9999||||xx |||||||||||||||||und|| a9788490645857 aspa aHuerta Ramon, Ricard 0aLa ciudad y sus docentes :b Miradas desde el arte y la educación a[Madrid, España] :bUniversitat Oberta de Catalunya, c2015 a216 páginas aEducation uhttps://public.digitaliapublishing.com/a/37978